UBT Library

Current Controversies and Issues in Personality (Record no. 49278)

000 -LEADER
fixed length control field 00320nam a22001337a 4500
008 - FIXED-LENGTH DATA ELEMENTS--GENERAL INFORMATION
fixed length control field 181010b xxu||||| |||| 00| 0 eng d
020 ## - INTERNATIONAL STANDARD BOOK NUMBER
International Standard Book Number 9780471415633
041 ## - LANGUAGE CODE
Language code of text/sound track or separate title eng
080 ## - UNIVERSAL DECIMAL CLASSIFICATION NUMBER
Universal Decimal Classification number 159.9
100 ## - Rafti
Rafti 48
101 ## - Shkurtesa
Shkurtesa PSI
245 ## - TITLE STATEMENT
Title Current Controversies and Issues in Personality
Statement of responsibility, etc Pervin,L.A
942 ## - ADDED ENTRY ELEMENTS (KOHA)
Source of classification or shelving scheme
Item type Books
Holdings
Withdrawn status Lost status Source of classification or shelving scheme Damaged status Not for loan Collection code Permanent location Current location Shelving location Date acquired Total Checkouts Full call number Barcode Date last seen Price effective from Koha item type
          Koleksioni i përgjithshem UBT - Lipjan UBT - Lipjan Koleksioni i përgjithshem 10/10/2018   159.9 PER 002-3014450 10/10/2018 10/10/2018 Books
UBT Library © 2015-2024. All rights reserved University Education for Business and Technology